| Tag |
First Indicator |
Second Indicator |
Subfields |
| LEADER |
00000cam a2200000 4500 |
| 001 |
in00000307708 |
| 005 |
20151010093518.0 |
| 008 |
780626s1933 enka 00000 eng d |
| 035 |
|
|
|a (OCoLC)04008968
|
| 035 |
|
|
|9 ABG8176AM
|
| 040 |
|
|
|a VDB
|c VDB
|d TXA
|d UtOrBLW
|
| 049 |
|
|
|a TXAM
|c [1144727]
|
| 090 |
|
|
|a D640
|b .D3
|
| 100 |
1 |
|
|a Dawson, Lionel,
|d 1885-
|
| 245 |
1 |
0 |
|a Mediterranean medley /
|c With illus.
|
| 264 |
|
1 |
|a Londo :
|b Rich & Cowan,
|c 1933.
|
| 300 |
|
|
|a xii, 255 pages :
|b illustrations
|
| 336 |
|
|
|a text
|b txt
|2 rdacontent
|
| 337 |
|
|
|a unmediated
|b n
|2 rdamedia
|
| 338 |
|
|
|a volume
|b nc
|2 rdacarrier
|
| 610 |
2 |
0 |
|a Tobago (Destroyer)
|
| 650 |
|
0 |
|a World War, 1914-1918
|v Personal narratives, English.
|
| 650 |
|
0 |
|a World War, 1914-1918
|x Influence.
|
| 999 |
|
|
|a MARS
|
| 999 |
f |
f |
|s 6cbb37f5-78d9-3ef0-8e72-08d452f4b0b0
|i c365b28e-500d-3d85-9c59-068ebec5ad96
|t 0
|
| 952 |
f |
f |
|p ric
|a Texas A&M University
|b Rellis Campus
|c Joint Library Facility
|d Remote Storage
|t 0
|e D640 .D3
|h Library of Congress classification
|i unmediated -- volume
|m A14801886367
|
| 998 |
f |
f |
|a D640 .D3
|t 0
|l Remote Storage
|